Library Banner

Fidel castro (Record no. 82214)

MARC details
000 -LEADER
fixed length control field 00362nam a22001337a 4500
005 - DATE AND TIME OF LATEST TRANSACTION
control field 20160125122647.0
008 - FIXED-LENGTH DATA ELEMENTS--GENERAL INFORMATION
fixed length control field 160125b xxu||||| |||| 00| 0 eng d
040 ## - CATALOGING SOURCE
Transcribing agency PK-LaUMT
082 ## - DEWEY DECIMAL CLASSIFICATION NUMBER
Classification number AMC 972.91040924
Item number FID-
245 ## - TITLE STATEMENT
Title Fidel castro
Remainder of title nothing can stop the course of history
260 ## - PUBLICATION, DISTRIBUTION, ETC. (IMPRINT)
Place of publication, distribution, etc La habana
Name of publisher, distributor, etc Editora politica
Date of publication, distribution, etc 1985
300 ## - PHYSICAL DESCRIPTION
Extent 219 p.
942 ## - ADDED ENTRY ELEMENTS (KOHA)
Koha item type Books
Holdings
Withdrawn status Lost status Damaged status Home library Current library Date acquired Full call number Barcode Date last seen Price effective from Koha item type
      UMT Main Campus UMT Main Campus 2016-01-25 AMC 972.91040924 FID- 86072 2016-01-25 2016-01-25 Books